000 00833nam a22002177a 4500
999 _c16658
_d16658
003 AR-CdUCM
008 190313b ||||| |||| 00| 0 spa d
040 _aMUNICIPALIDAD PROVINCIAL DEL CUSCO
_cBIBLIOTECA MUNICIPAL DEL CUSCO
082 _28ed.
_a862 /
_bG22
100 _aGarcía Lorca, Federico
_96798
245 _aAsí que pasen cinco años :
_bEl maleficio de la mariposa :
_bFarsas breves /
260 _aBuenos Aires :
_bLosada,
_c1964.
300 _a217 páginas ;
_c20 cm.
500 _aHistoria
505 _aContenido: Asi que pasen cinco años -- el maleficio de la mariposa -- la doncella -- el paseo de buster -- quimera...
650 _aProsista español
_917595
650 _aliteratura española
_9111
700 _aTorre, Guillermo de (recopilacion)
_917596
942 _2ddc
_cLIBROS
945 _apjha
_d2019-05-04